=LDR 00000nam 2200000 4500 =001 INLIS000000000030060 =005 20200804083634 =035 ##$$a 0010-061300000030060 =008 200804################g##########0#ind## =041 ##$$a Ind =082 ##$$a 2x6.3 =090 ##$$a 2x6.3.3, Asy i =100 ##$$a Asy'arie, Musa =245 1#$$a Islam : $b Etos kerja dan pemberdayaan ekonomi umat /$c Dr musa asy'arie =260 ##$$a Jakarta :$b Lesfi,$c 1997 =300 ##$$a 159 hlm ; $c 14 x 21cm =650 #4$$a Islam =850 ##$$a NBPNMAT =020 ##$$a 979-567-008-5 =084 ##$$a 2x6.3 ASY i =250 ##$$a Cet. 1 =504 ##$$a Indek : hlm. 155 -159 =990 ##$$a 979-567-008-5